| 000 | 00597nam a22001817a 4500 | ||
|---|---|---|---|
| 999 |
_c172096 _d172096 |
||
| 005 | 20200127163103.0 | ||
| 010 | _aB-210616 | ||
| 020 |
_a8123013868 _c210.00 |
||
| 035 | _aB-210616 | ||
| 037 | _bBPPD/Pub. | ||
| 082 | _a843.08 | ||
| 245 |
_aآجکل اور پریم چند / _cمرتب - ابرار رحمانی |
||
| 246 |
_aAjkal Aur Premchand (Urdu) / _bedited by Ibrar Rehmani |
||
| 260 |
_aDelhi _bPublications Division _c2006 ء |
||
| 270 |
_aSoochna Bhawan, C.G.O. Complex _bNew Delhi _e110003 |
||
| 300 |
_a238p. _c21cm(pbk) |
||
| 942 |
_2ddc _cUR _h843.08 _mپ ر ے |
||